01652nam a2200421 i 450000100060000000300080000600500170001400600190003100700150005000800410006502000180010602000270012403500230015103500240017403500250019803500210022304000310024405000220027508000070029708200140030410000280031824501250034626400520047130000630052333600310058633700330061733800430065050400430069358801280073659001640086465000200102865000210104865500270106970000360109679700190113285600620115199900170121321698FlNmELB20241216213939.0m o d | cr cnu||||||||150204s2014 mx a ob 000 0 spa d z9789708170086 a9786074388701 (e-book) a(MiAaPQ)EBC3227677 a(Au-PeEL)EBL3227677 a(CaPaEBR)ebr11013619 a(OCoLC)991964470 aFINmELBbspaerdacFINmELB 4aHB172b.C965 2014 a330 a338.52231 aCue Mancera, Agustín.10aIntroducción a la microeconomía :bun enfoque integral para México /cAgustín Cue Mancera, Luis Quintana Romero. 1aMéxico D.F. :bGrupo Editorial Patria,c2014. a1 recurso en línea (xii, 291 páginas) :bilustraciones atextobtxt2rdacontent/spa acomputadorabc2rdamedia/spa arecurso en líneabcr2rdacarrier/spa aContiene referencias bibliográficas. aDescripción basada en recurso en línea; Título de la página del título en PDF (e-libro, visto February 04, 2015). aRecurso electrónico. Santa Fe, Arg.: e-libro, 2015. Disponible vía World Wide Web. El acceso puede estar limitado para las bibliotecas afiliadas a e-libro. 0aMicroeconomics. 4aMicroeconomía. 4aLibros electrónicos.1 aQuintana Romero, Luis,eauthor.2 ae-libro, Corp.40uhttps://elibro.net/ereader/politecnicointernacional/39405 c21698d21698